Freedom struggle and state legislature of U.P. 1920-1947 (Record no. 14311)

MARC details
000 -LEADER
fixed length control field 00530nam a2200181Ia 4500
082 ## - DEWEY DECIMAL CLASSIFICATION NUMBER
Classification number TS.0852
100 ## - MAIN ENTRY--AUTHOR NAME
Personal name Srivastava, Akhilesh Kumar
245 #0 - TITLE STATEMENT
Title Freedom struggle and state legislature of U.P. 1920-1947
260 ## - PUBLICATION, DISTRIBUTION, ETC. (IMPRINT)
Year of publication 1995
Name of publisher Banaras Hindu University
300 ## - PHYSICAL DESCRIPTION
Number of Pages 360p.
650 ## - SUBJECT ADDED ENTRY--TOPICAL TERM
Topical Term BRITISH RULE IN INDIA
650 ## - SUBJECT ADDED ENTRY--TOPICAL TERM
Topical Term FREEDOM STRUGGLE
650 ## - SUBJECT ADDED ENTRY--TOPICAL TERM
Topical Term UTTAR PRADESH - LEGISLATURE
650 ## - SUBJECT ADDED ENTRY--TOPICAL TERM
Topical Term UTTAR PRADESH - HISTORY
650 ## - SUBJECT ADDED ENTRY--TOPICAL TERM
Topical Term INDIA - HISTORY///UTTAR PRADESH - HISTORY
710 ## - ADDED ENTRY--CORPORATE NAME
Corporate name or jurisdiction name as entry element Santha, K.S.
942 ## - ADDED ENTRY ELEMENTS (KOHA)
Koha item type Thesis
Source of classification or shelving scheme Dewey Decimal Classification
Holdings
Withdrawn status Lost status Damaged status Not for loan Home library Current library Date acquired Bill Date Full call number Accession Number Price effective from Koha item type
        NASSDOC Library NASSDOC Library 08/10/2004 2008-12-30 TS.0852 35706 18/04/2019 Thesis